00862naa a2200169 i 450000100060000000300090000600500170001500800410003204000290007308000200010208000170012208000090013910001680014824501040031665500300042077302420045010368KOSZ 00520180420120705.0180418s2000 pl a |100 0 pol  aKOSZ 005/ARcKOSZ 005/AR a338.22(438)"19" a330(438)"19" a(06)1 aFRYDRYSIAK, Adam.d1999 - .bPolitechnika Koszalińska - Instytut Polityki Społecznej i Stosunków Międzynarodowych,cZakład Polityki Społeczno-Gospodarczej10aDziałalność polityczna i gospodarcza E. Kwiatkowskiego w latach 1935-1938 / cAdam Frydrysiak. 0aMateriały konferencyjne.0 iW :tKoncepcje gospodarcze Eugeniusza Kwiatkowskiego 1888-1974 : konferencja naukowa. Koszalin, 12 grudnia 2000. T. 1. / red. Lech Bończa-Bystrzycki, Bogusław Polak. -dKoszalin : Wydaw. Uczelniane PK, 2000. -gs. 87-93z 8388283464